La coyuntura neoliberal a mitad del periodo ¿Autónoma o inducida? /
Shranjeno v:
| Glavni avtor: | |
|---|---|
| Drugi avtorji: | |
| Format: | Texto |
| Izdano: |
México D.F.:
Instituto de Investigaciones Económicas. UNAM
|
| Oznake: |
Označite
Brez oznak, prvi označite!
|
MARC
| LEADER | 00000 a a2200000 04500 | ||
|---|---|---|---|
| 001 | 24465 | ||
| 003 | |||
| 040 | |||
| 020 | |a 968-36-3355-2 | ||
| 090 | |a 166900 | ||
| 100 | |a Rangel, José | ||
| 245 | |a La coyuntura neoliberal a mitad del periodo ¿Autónoma o inducida? / |c José Rangel | ||
| 260 | |a México D.F.: |b Instituto de Investigaciones Económicas. UNAM | ||
| 300 | |a 367 p |b **no definido** | ||
| 700 | |a Valle, Ma. del Carmen del |a Cruz, Federico |a González, Cuauhtémoc |a Arancibia Cordoba, Juan |a Delgado, Irma |a Olave Castillo, Patricia |a Caudillo, Etelvina |a Ornelas, Raúl |a Rodríguez, Dinah |a Osorio Paz, Saúl |a Vergara, Delia M |a Zepeda, Mario |a Chaver | ||
| 999 | |c 11173 |d 11173 | ||



